| 000 | 00780nam a2200253 a 4500 | ||
|---|---|---|---|
| 001 | 000025906 | ||
| 003 | OSt | ||
| 005 | 20201023144223.0 | ||
| 008 | 110224s1958 dr 001 0 spa d | ||
| 040 |
_aDO-SdBNP _bspa _cBNPHU |
||
| 049 | _aBNPD | ||
| 082 | 7 | 4 |
_a115 _bM186v _222 |
| 100 | 1 |
_aMaeterlinck, Maurice de, _d1862-1949 _952763 |
|
| 245 | 1 | 3 |
_aLa vida en el espacio / _cMaurice de Maeterlinck. |
| 260 |
_aCiudad Trujillo, República Dominicana : _bMontalvo, _c1958. |
||
| 300 |
_a130 p. ; _c22 cm. |
||
| 504 | _aIncluye bibliografía y notas al pie de páginas. | ||
| 650 | 4 |
_aCuarta dimensión _952764 |
|
| 650 | 4 |
_aEspacio y tiempo _952765 |
|
| 650 | 4 |
_aSueños _941871 |
|
| 650 | 4 |
_aHombres _931273 |
|
| 910 | _aValidado. Control de calidad EMS | ||
| 942 |
_2ddc _cLBS1 |
||
| 999 |
_c25398 _d25398 |
||